000 00424nam a2200193Ia 4500
008 210210b1928 xxu||||| |||| 00| 0 eng d
041 _aeng
082 _a920/30
100 _aHARRISON (J)
245 _aMyths of Greece and Rome
260 _aLondon
_bErnest Benn Limited
_c1928
650 _aRome
650 _aof
650 _aMyths
650 _aGreece
650 _aand
690 _aHistory
906 _a024772
999 _c150393
_d150393